<?xml version="1.0" encoding="UTF-8"?>
<record
    xmlns:xsi="http://www.w3.org/2001/XMLSchema-instance"
    xsi:schemaLocation="http://www.loc.gov/MARC21/slim http://www.loc.gov/standards/marcxml/schema/MARC21slim.xsd"
    xmlns="http://www.loc.gov/MARC21/slim">

  <leader>00712nam a2200217 a 4500</leader>
  <controlfield tag="005">20140310183358.0</controlfield>
  <controlfield tag="008">121004s19uu    xx            00    eng d</controlfield>
  <datafield tag="020" ind1=" " ind2=" ">
    <subfield code="a">9788171934555</subfield>
  </datafield>
  <datafield tag="050" ind1=" " ind2=" ">
    <subfield code="a">Z 678</subfield>
    <subfield code="b">.P189 2011</subfield>
  </datafield>
  <datafield tag="100" ind1=" " ind2=" ">
    <subfield code="a">Pandey, Raghunath</subfield>
  </datafield>
  <datafield tag="245" ind1=" " ind2=" ">
    <subfield code="a">Library planning and development /</subfield>
    <subfield code="c">Raghunath Pandey, M.N. Valayudhan Pillai.</subfield>
  </datafield>
  <datafield tag="260" ind1=" " ind2=" ">
    <subfield code="a">New Delhi, India :</subfield>
    <subfield code="b">Jnanada Prakashan,</subfield>
    <subfield code="c">2011.</subfield>
  </datafield>
  <datafield tag="300" ind1=" " ind2=" ">
    <subfield code="a">309 p. :</subfield>
    <subfield code="c">22 cm.</subfield>
  </datafield>
  <datafield tag="500" ind1=" " ind2=" ">
    <subfield code="a">"in association with confederation of Indian Universities" Includes index</subfield>
  </datafield>
  <datafield tag="650" ind1=" " ind2=" ">
    <subfield code="a">Library administration</subfield>
  </datafield>
  <datafield tag="650" ind1=" " ind2=" ">
    <subfield code="a">Library planning</subfield>
  </datafield>
  <datafield tag="650" ind1=" " ind2=" ">
    <subfield code="a">Library employees</subfield>
  </datafield>
  <datafield tag="700" ind1=" " ind2=" ">
    <subfield code="a">Pillai, M.N. Valayudhan</subfield>
  </datafield>
  <datafield tag="942" ind1=" " ind2=" ">
    <subfield code="c">BK</subfield>
    <subfield code="2">lcc</subfield>
    <subfield code="k">FOR</subfield>
  </datafield>
  <datafield tag="999" ind1=" " ind2=" ">
    <subfield code="c">22283</subfield>
    <subfield code="d">22283</subfield>
  </datafield>
  <datafield tag="952" ind1=" " ind2=" ">
    <subfield code="0">0</subfield>
    <subfield code="1">0</subfield>
    <subfield code="2">lcc</subfield>
    <subfield code="4">0</subfield>
    <subfield code="a">CL</subfield>
    <subfield code="b">CL</subfield>
    <subfield code="c">GC</subfield>
    <subfield code="d">2012-10-04</subfield>
    <subfield code="e">DONATION</subfield>
    <subfield code="g">1877.00</subfield>
    <subfield code="l">0</subfield>
    <subfield code="o">Z 678 .P189 2011</subfield>
    <subfield code="p">C16192</subfield>
    <subfield code="r">2018-05-15 00:00:00</subfield>
    <subfield code="t">1</subfield>
    <subfield code="w">2013-10-10</subfield>
    <subfield code="y">BK</subfield>
  </datafield>
</record>
